banner-ar

علاقات خطرة خفايا الروابط الوثيقة والنشاطات الاستخبارية الامريكية الاسرائيلية / (Record no. 29960)

MARC details
000 -الفاتح
حقل البيانات ثابتة الطول 00989nam a2200277Ia 4500
008 - عناصر البيانات ثابتة الطول - معلومات عامة
حقل البيانات ثابتة الطول 140319s9999 xx 000 0 ara d
040 ## - مصدر الفهرسة
وكالة الفهرسة الأصلية GCL /
وكالة النسخ GCL
082 04 - رقم تصنيف ديوى العشرى
رقم التصنيف 327.730569
رقم المادة ك ع
100 1# - المدخل الرئيسى - إسم شخصى
الإسم الشخصى محمود العابدى
245 10 - بيان العنوان
العنوان علاقات خطرة خفايا الروابط الوثيقة والنشاطات الاستخبارية الامريكية الاسرائيلية /
بيان المسئوليه,etc محمود العابدى
700 1# - المدخل الاضافى - اسم شخصى
الإسم الشخصى عمار جولاق
700 1# - المدخل الاضافى - اسم شخصى
الإسم الشخصى على رمان (مراجع)
700 1# - المدخل الاضافى - اسم شخصى
الإسم الشخصى كوكبيرن , اندور
260 ## - PUBLICATION, DISTRIBUTION, ETC. (IMPRINT)
تاريخ النشر أو التوزيع 1991
300 ## - الوصف المادى
التعداد 375 ص ؛
أبعاد الوعاء 25سم
490 ## - بيان السلسلة
عنوان السلسلة
650 04 - المدخل الاضافى بالموضوع-مصطلح موضوعى
مصطلح موضوعي الولايات المتحدة الامريكية
650 04 - المدخل الاضافى بالموضوع-مصطلح موضوعى
مصطلح موضوعي اسرائيل
650 04 - المدخل الاضافى بالموضوع-مصطلح موضوعى
مصطلح موضوعي العلاقات الخارجية
650 04 - المدخل الاضافى بالموضوع-مصطلح موضوعى
مصطلح موضوعي التخريب والتدمير
650 04 - المدخل الاضافى بالموضوع-مصطلح موضوعى
مصطلح موضوعي الجاسوسية
650 04 - المدخل الاضافى بالموضوع-مصطلح موضوعى
مصطلح موضوعي الموساد
650 04 - المدخل الاضافى بالموضوع-مصطلح موضوعى
مصطلح موضوعي س.اى. ايه
942 ## - عناصر المدخل الإضافي( كوها)
مصدر التصنيف او مخطط الترفيف Dewey Decimal Classification
Koha [default] item type كتاب
260 ## - PUBLICATION, DISTRIBUTION, ETC. (IMPRINT)
-- [S.N] :
-- الدار الاهلية للنشر ،
Holdings
حالة التراجع حالة الفقد حالة تلف ليس للاعارة المكان المؤقت الموقع الحالى تاريخ الاكتساب اجمالي اﻻعارات رقم الطلب الباركود تاريخ اخر مشاهدة تاريخ تفعيل السعر نوع وعاء كوها
        مكتبة القاهرة الكبرى مكتبة القاهرة الكبرى 03/26/2014   327.730569\ك ع 69470 03/26/2014 03/26/2014 كتاب
        مكتبة القاهرة الكبرى مكتبة القاهرة الكبرى 03/26/2014   327.730569\ك ع 69471 03/26/2014 03/26/2014 كتاب
        مكتبة القاهرة الكبرى مكتبة القاهرة الكبرى 03/26/2014   327.730569\ك ع 69472 03/26/2014 03/26/2014 كتاب
        مكتبة القاهرة الكبرى مكتبة القاهرة الكبرى 03/26/2014   327.730569\ك ع 69473 03/26/2014 03/26/2014 كتاب

Powered By

EGPV